Kdy nastavovat více skupin talentů v podniku?
Vymedzenie základných pojmov: talent, talent management, riadenie talentov, úloha vzdelávania v podniku v rámci a mimo riadenia talentov. Popis rôznych druhov talent managementu v podnikoch. Nastavnie ukazovateľov a kritérií pre talent management. Úvaha nad finančnou náročnosťou riadenia talentov.
Salvato in:
| Autore principale: | |
|---|---|
| Natura: | Capitolo di libro |
| Lingua: | ceco |
| Soggetti: | |
| Tags: |
Nessun Tag, puoi essere il primo ad aggiungerne!!
|
MARC
| LEADER | 00000naa a2200000 4500 | ||
|---|---|---|---|
| 001 | 0119416 | ||
| 005 | 20231116105056.6 | ||
| 041 | 0 | |a cze | |
| 044 | |a CZ | ||
| 245 | 1 | 0 | |a Kdy nastavovat více skupin talentů v podniku? |c Tomáš Jindřich |
| 520 | |a Vymedzenie základných pojmov: talent, talent management, riadenie talentov, úloha vzdelávania v podniku v rámci a mimo riadenia talentov. Popis rôznych druhov talent managementu v podnikoch. Nastavnie ukazovateľov a kritérií pre talent management. Úvaha nad finančnou náročnosťou riadenia talentov. | ||
| 610 | 2 | 0 | |a talenty |
| 610 | 2 | 0 | |a vzdelávanie |
| 610 | 2 | 0 | |a podnik stavebný |
| 610 | 2 | 0 | |a podnik |
| 610 | 2 | 0 | |a manažment |
| 610 | 2 | 0 | |a odbornosť |
| 100 | 1 | |a Jindřich, Tomáš | |